00260nam a2200097Ia 4500008004100000100000900041245005900050260002900109942000700138999001700145190216s9999||||xx |||||||||||||| ||und|| aNull 0aHindi-Yeshpal Ke Katha Sahithya Mem Samachika Chethana bMac Millian And Com. Ltd cBK c18550d18550